[Event "XXIII C.to italiano U20"]
[Site "Giovinazzo ITA"]
[Date "2015.07.22"]
[Round "5"]
[White "Carnicelli, Valerio"]
[Black "Basso, Pier Luigi"]
[WhiteElo "2123"]
[BlackElo "2439"]
[Result "1/2-1/2"]
[PlyCount "195"]
[EventDate "2015.07.19"]

1. e4 g6 2. d4 Bg7 3. Nc3 d6 4. Be3 a6 5. Qd2 b5 6. f3 Nd7 7. Nce2 Bb7 8. g4 c5
9. c3 Qc7 10. Ng3 e6 11. h4 h6 12. Bd3 Ne7 13. N1e2 Nb6 14. O-O O-O-O 15. b3 f5
16. a4 bxa4 17. bxa4 c4 18. Bc2 Nd7 19. Rab1 Kb8 20. Bf2 fxg4 21. fxg4 Ka8 22.
Be3 Bf6 23. g5 hxg5 24. hxg5 Bg7 25. Rf7 Bf8 26. Nf4 d5 27. e5 Qc6 28. Nxg6
Nxg6 29. Bxg6 Qxa4 30. Bc2 Qc6 31. g6 Rg8 32. Qd1 Rg7 33. Ba4 Qc7 34. Bg5 Rb8
35. Qg4 Rxf7 36. gxf7 Nxe5 37. dxe5 Bc5+ 38. Kg2 Qxf7 39. Bf6 d4+ 40. Rxb7
Qxb7+ 41. Qe4 Qxe4+ 42. Nxe4 Bb6 43. Bd7 dxc3 44. Nxc3 Ba5 45. Bxe6 Bxc3 46.
Bxc4 a5 47. Kf3 a4 48. Ke4 a3 49. Be7 Bb4 50. Bg5 Rc8 51. Bd5+ Kb8 52. e6 Rc2
53. Kd3 Rc5 54. Kd4 Ra5 55. e7 Bxe7 56. Bxe7 a2 57. Bxa2 Rxa2 58. Bd6+ Kb7 59.
Be5 Kc6 60. Ke4 Kc5 61. Bd4+ Kc4 62. Be3 Re2 63. Kf3 Kd3 64. Bf2 Re7 65. Kf4
Rf7+ 66. Kg3 Ke4 67. Bg1 Rf3+ 68. Kg2 Kf4 69. Bh2+ Kg4 70. Bg1 Ra3 71. Kh1 Kf3
72. Bh2 Ra8 73. Bg1 Rg8 74. Bh2 Kf2 75. Bd6 Rg5 76. Bb8 Rg1+ 77. Kh2 Rg8 78.
Ba7+ Kf3 79. Bc5 Rg5 80. Bd6 Rg2+ 81. Kh1 Rg6 82. Bc7 Kf2 83. Be5 Rg4 84. Bc7
Rb4 85. Bd6 Rb5 86. Bc7 Rh5+ 87. Bh2 Rg5 88. Bc7 Rg1+ 89. Kh2 Rg7 90. Bb6+ Kf3
91. Bc5 Rg5 92. Bb6 Rg6 93. Bc5 Rh6+ 94. Kg1 Kg3 95. Bf2+ Kh3 96. Kf1 Re6 97.
Be1 Kg4 98. Kf2 1/2-1/2

[Event "XXIII C.to italiano U20"]
[Site "Giovinazzo ITA"]
[Date "2015.07.22"]
[Round "5"]
[White "Favaloro, Andrea"]
[Black "Lombardi, Vincenzo Angelo"]
[WhiteElo "2116"]
[BlackElo "2056"]
[Result "1/2-1/2"]
[PlyCount "83"]
[EventDate "2015.07.19"]

1. d4 c5 2. e4 cxd4 3. Nf3 Nc6 4. Nxd4 Nf6 5. Nc3 g6 6. Nxc6 dxc6 7. Qxd8+ Kxd8
8. Bf4 Nd7 9. O-O-O Bg7 10. f3 e5 11. Be3 Kc7 12. Bc4 f6 13. h4 b6 14. h5 g5
15. Be6 Bf8 16. Ne2 Bc5 17. Bd2 a5 18. Ng3 Nf8 19. Bxc8 Rxc8 20. Nf5 Ne6 21. c3
Rhd8 22. Kc2 Rd7 23. Bc1 Rcd8 24. Rxd7+ Rxd7 25. Rd1 Rf7 26. h6 Rd7 27. Rxd7+
Kxd7 28. g3 Ke8 29. Kd3 Kd7 30. Be3 Bxe3 31. Kxe3 Nd8 32. f4 g4 33. Kd3 Nf7 34.
Ne3 Nxh6 35. Nc4 b5 36. Nxa5 Ng8 37. fxe5 fxe5 38. c4 Nf6 39. cxb5 cxb5 40. Ke3
Kd6 41. Nb7+ Kc6 42. Nd8+ 1/2-1/2

[Event "XXIII C.to italiano U20"]
[Site "Giovinazzo ITA"]
[Date "2015.07.22"]
[Round "5"]
[White "Pisacane, Pietro"]
[Black "Guidobene, Davide"]
[WhiteElo "2127"]
[BlackElo "1937"]
[Result "1-0"]
[PlyCount "63"]
[EventDate "2015.07.19"]

1. d4 Nf6 2. c4 e6 3. g3 Bb4+ 4. Bd2 a5 5. Bg2 d6 6. a3 Bxd2+ 7. Qxd2 O-O 8.
Nc3 e5 9. Nf3 Nc6 10. d5 Ne7 11. O-O a4 12. Qc2 Bd7 13. c5 Nh5 14. b4 axb3 15.
Qxb3 Rb8 16. Qb4 Bc8 17. Rfd1 Nf6 18. cxd6 cxd6 19. Nd2 Nf5 20. e3 Ne8 21. Nc4
b5 22. a4 Nc7 23. Nxb5 Ba6 24. Nca3 Qd7 25. Bh3 Nxb5 26. axb5 Rb6 27. e4 Bxb5
28. Bxf5 Qb7 29. Rdb1 Ra8 30. Nxb5 Rxa1 31. Rxa1 Rxb5 32. Qxb5 1-0

[Event "XXIII C.to italiano U20"]
[Site "Giovinazzo ITA"]
[Date "2015.07.23"]
[Round "6"]
[White "Altini, Nicola"]
[Black "Pasini, Nicolo'"]
[WhiteElo "2415"]
[BlackElo "1804"]
[Result "1-0"]
[PlyCount "79"]
[EventDate "2015.07.19"]

1. d4 Nf6 2. Nf3 g6 3. g3 Bg7 4. Bg2 O-O 5. O-O d5 6. Nbd2 Nc6 7. c4 dxc4 8.
Nxc4 Be6 9. b3 Nd5 10. Bb2 Nb6 11. Nce5 Nxe5 12. Nxe5 c6 13. e3 Qc8 14. Ba3 Bf6
15. Nd3 Bh3 16. Nc5 Bxg2 17. Kxg2 Rd8 18. Qf3 Rd5 19. h4 Nd7 20. Ne4 Rf5 21.
Qe2 Bg7 22. Rac1 Nf6 23. Nc5 b6 24. Nd3 Qb7 25. e4 Ra5 26. Bb4 Rb5 27. a4 Rxb4
28. Nxb4 c5 29. dxc5 bxc5 30. Nd5 Nxd5 31. exd5 Qxd5+ 32. Kh2 Bd4 33. Qxe7 Qxb3
34. Qe4 Rf8 35. Rc2 Kg7 36. Re2 Qxa4 37. Rb1 Qa6 38. Rb7 Re8 39. Rxf7+ Kxf7 40.
Qxe8+ 1-0

[Event "XXIII C.to italiano U20"]
[Site "Giovinazzo ITA"]
[Date "2015.07.23"]
[Round "6"]
[White "Basso, Pier Luigi"]
[Black "Pisacane, Pietro"]
[WhiteElo "2439"]
[BlackElo "2127"]
[Result "1/2-1/2"]
[PlyCount "150"]
[EventDate "2015.07.19"]

1. d4 Nf6 2. c4 g6 3. Nf3 Bg7 4. g3 O-O 5. Bg2 d6 6. O-O Nc6 7. Nc3 a6 8. d5
Na5 9. b3 c5 10. dxc6 Nxc6 11. Bb2 Rb8 12. Qd2 b5 13. Nd5 Ne4 14. Qc2 Bxb2 15.
Qxb2 bxc4 16. Qc2 Nc5 17. Qxc4 a5 18. Qh4 Kg7 19. Nd4 Nxd4 20. Qxd4+ f6 21.
Rac1 Be6 22. Nf4 Bf7 23. Qd2 Qb6 24. Bd5 e6 25. Bg2 Rfd8 26. Nd3 Nxd3 27. Qxd3
d5 28. Rc2 Rdc8 29. Rfc1 Rxc2 30. Qxc2 Qb4 31. h4 a4 32. bxa4 Ra8 33. Ra1 Qxa4
34. Qxa4 Rxa4 35. a3 Kf8 36. e3 Ke7 37. Bf3 Kd6 38. Bd1 Ra5 39. a4 Be8 40. Kf1
Bc6 41. Ke1 Kc5 42. Kd2 Kb4 43. Rb1+ Kc5 44. Rc1+ Kb6 45. Ra1 Kc5 46. Kc3 e5
47. Kb3 Bb5 48. Ka3 Ra7 49. Rc1+ Bc4 50. e4 Kd4 51. exd5 Bxd5 52. Be2 e4 53.
Kb4 e3 54. Rd1+ Ke4 55. f3+ Ke5 56. Rd3 Rb7+ 57. Ka3 f5 58. Rxe3+ Kd4 59. Rd3+
Kc5 60. Bd1 Rb1 61. Bc2 Ra1+ 62. Kb2 Ra2+ 63. Kb1 Be6 64. Re3 Bd5 65. f4 h5 66.
Rc3+ Kb4 67. Rd3 Bc4 68. Rd6 Kc3 69. Bd1 Rb2+ 70. Kc1 Ra2 71. Rb6 Ra1+ 72. Rb1
Ra3 73. Rb6 Ra1+ 74. Rb1 Ra3 75. Rb6 Ra1+ 1/2-1/2

[Event "XXIII C.to italiano U20"]
[Site "Giovinazzo ITA"]
[Date "2015.07.23"]
[Round "6"]
[White "Di Benedetto, Edoardo"]
[Black "Favaloro, Andrea"]
[WhiteElo "2243"]
[BlackElo "2116"]
[Result "1/2-1/2"]
[PlyCount "130"]
[EventDate "2015.07.19"]

1. e4 e6 2. d4 d5 3. Nc3 Nc6 4. Nf3 Nf6 5. e5 Ne4 6. Bd3 Bb4 7. Bd2 Nxd2 8.
Qxd2 f6 9. Bb5 fxe5 10. Nxe5 Bd7 11. Bxc6 bxc6 12. a3 Bd6 13. Qe3 O-O 14. O-O
Qe7 15. Ne2 Rae8 16. b4 a5 17. c3 axb4 18. axb4 Ra8 19. Rfe1 Bxe5 20. Qxe5 Qd6
21. f4 Rfb8 22. Ng3 Qxe5 23. fxe5 Be8 24. Ne2 Bg6 25. Nf4 Kf7 26. Rf1 Ke7 27.
Nxg6+ hxg6 28. Ra5 Rxa5 29. bxa5 Ra8 30. Ra1 Ra6 31. Kf2 c5 32. dxc5 Kd7 33.
Ke3 Kc6 34. Kd4 Kb5 35. Rb1+ Kc6 36. Rb8 Rxa5 37. Re8 Ra4+ 38. Kd3 Kxc5 39.
Rxe6 Rg4 40. g3 d4 41. c4 Rg5 42. Re7 c6 43. Rxg7 Rxe5 44. Rxg6 Re3+ 45. Kd2
Ra3 46. h4 Kxc4 47. Rxc6+ Kd5 48. Rg6 Ke4 49. Rg4+ Kf3 50. Rg8 Ke4 51. Re8+ Kf3
52. Rg8 Ke4 53. Re8+ Kf3 54. h5 Kxg3 55. h6 Ra2+ 56. Kd3 Rh2 57. Rh8 Rh4 58. h7
Kh2 59. Ke2 Kh3 60. Kf3 Kh2 61. Kf2 Rf4+ 62. Ke2 Rh4 63. Kf3 Kh3 64. Kf2 Kh2
65. Kf3 Kh3 1/2-1/2

[Event "XXIII C.to italiano U20"]
[Site "Giovinazzo ITA"]
[Date "2015.07.23"]
[Round "6"]
[White "Lombardi, Vincenzo Angelo"]
[Black "Carnicelli, Valerio"]
[WhiteElo "2056"]
[BlackElo "2123"]
[Result "1-0"]
[PlyCount "87"]
[EventDate "2015.07.19"]

1. e4 e5 2. Nf3 Nc6 3. Bc4 Bc5 4. c3 Nf6 5. d4 exd4 6. e5 d5 7. Bb5 Ne4 8. cxd4
Bb6 9. Nc3 O-O 10. Be3 Bg4 11. Qc2 Bxf3 12. gxf3 Ng5 13. Bxc6 Nxf3+ 14. Ke2
Nxd4+ 15. Bxd4 Bxd4 16. Bb5 Qh4 17. Raf1 Qh5+ 18. Kd2 Qxe5 19. Bd3 Bxc3+ 20.
Qxc3 d4 21. Qc2 f5 22. Rhg1 Qf4+ 23. Kd1 Kh8 24. Rg3 Rae8 25. Qc5 b6 26. Qc6
Qe5 27. Rfg1 Re6 28. Qb7 g6 29. Qxa7 Qf4 30. Qa3 Rfe8 31. Rf1 Rc6 32. Bc2 Qe5
33. Qd3 Qc5 34. h4 Qb4 35. Bb3 Qc5 36. Bc2 Qb4 37. h5 Qxb2 38. hxg6 hxg6 39.
Rh1+ Kg7 40. Qxf5 Qa1+ 41. Bb1 Ree6 42. Rh7+ Kxh7 43. Qf7+ Kh6 44. Qf8+ 1-0

[Event "XXIII C.to italiano U20"]
[Site "Giovinazzo ITA"]
[Date "2015.07.24"]
[Round "7"]
[White "Altea, Alessandro"]
[Black "Di Benedetto, Edoardo"]
[WhiteElo "2018"]
[BlackElo "2243"]
[Result "0-1"]
[PlyCount "98"]
[EventDate "2015.07.19"]

1. d4 d5 2. Nf3 Nf6 3. c4 e6 4. Nc3 c6 5. e3 Nbd7 6. Bd3 a6 7. e4 dxc4 8. Bxc4
b5 9. Bb3 b4 10. e5 bxc3 11. exf6 cxb2 12. fxg7 Bxg7 13. Bxb2 Qa5+ 14. Nd2 c5
15. O-O O-O 16. Nc4 Qc7 17. dxc5 Nxc5 18. Bxg7 Kxg7 19. Qd4+ f6 20. Bc2 e5 21.
Qh4 Kh8 22. Nb6 Ra7 23. Nxc8 Qxc8 24. Rac1 Rg7 25. Bb1 Qb7 26. f3 Ne6 27. Be4
Qe7 28. Kh1 Nd4 29. Rb1 f5 30. Qxe7 Rxe7 31. Bd3 Rf6 32. Rfe1 Kg7 33. h3 Rd6
34. Rbd1 Kf6 35. Bb1 Red7 36. Rc1 Rc6 37. Rxc6+ Nxc6 38. Bc2 Nd4 39. Ba4 Rb7
40. Rc1 Kg5 41. Bb3 Kf4 42. Kh2 e4 43. fxe4 fxe4 44. Rf1+ Ke5 45. Bc4 a5 46.
Rf8 Re7 47. Kg1 e3 48. g3 Kd6 49. Rf4 Kc5 0-1

[Event "XXIII C.to italiano U20"]
[Site "Giovinazzo ITA"]
[Date "2015.07.24"]
[Round "7"]
[White "Carnicelli, Valerio"]
[Black "Loiacono, Antonio"]
[WhiteElo "2123"]
[BlackElo "1928"]
[Result "0-1"]
[PlyCount "75"]
[EventDate "2015.07.19"]

1. e4 c5 2. Nf3 e6 3. d4 cxd4 4. Nxd4 Nc6 5. Nb5 Nf6 6. N1c3 Bb4 7. Bf4 O-O 8.
Bd6 Bxd6 9. Qxd6 a6 10. Nd4 Qe7 11. Qxe7 Nxe7 12. O-O-O d5 13. exd5 Nexd5 14.
Nxd5 Nxd5 15. g3 b5 16. Bg2 Bb7 17. Nb3 Rac8 18. Rhe1 Rc7 19. Rd2 Rfc8 20. a3
Kf8 21. Kb1 Nc3+ 22. bxc3 Bxg2 23. Re3 Rxc3 24. Rd8+ Ke7 25. Rxc8 Rxc8 26. f3
Bf1 27. Nd2 Bc4 28. Nxc4 Rxc4 29. Kc1 f6 30. Kd2 e5 31. Re2 Kd6 32. Re3 f5 33.
Re1 Kd5 34. Re3 e4 35. fxe4+ fxe4 36. Re1 Kd4 37. Rf1 e3+ 38. Kd1 0-1

[Event "XXIII C.to italiano U20"]
[Site "Giovinazzo ITA"]
[Date "2015.07.24"]
[Round "7"]
[White "Lombardi, Vincenzo Angelo"]
[Black "Basso, Pier Luigi"]
[WhiteElo "2056"]
[BlackElo "2439"]
[Result "0-1"]
[PlyCount "140"]
[EventDate "2015.07.19"]

1. e4 e5 2. Nf3 Nc6 3. Bc4 Bc5 4. c3 Nf6 5. d4 exd4 6. e5 d5 7. Bb5 Ne4 8. cxd4
Bb6 9. Nc3 O-O 10. Be3 Bg4 11. Qc2 Bf5 12. Qb3 Na5 13. Qa3 c6 14. Bd3 Nc4 15.
Qb3 Ba5 16. Bxc4 dxc4 17. Qxc4 Qb6 18. O-O Qxb2 19. Na4 Qa3 20. Nh4 Be6 21. Qc2
f5 22. exf6 Nxf6 23. Nc5 Bc8 24. Rab1 Bb4 25. Qc4+ Nd5 26. Rb3 Qa5 27. a3 b5
28. Qc2 Bxa3 29. Ra1 Qd8 30. Nf3 Bf5 31. Nd3 Bxd3 32. Rxd3 Bd6 33. Ne5 Bxe5 34.
dxe5 Qe8 35. Bd4 Qe6 36. Rda3 Rf7 37. Qc5 Nf4 38. Kh1 Qd5 39. Qxd5 Nxd5 40.
Bxa7 b4 41. Ra6 b3 42. Bd4 Rxa6 43. Rxa6 Nc7 44. Rxc6 Rd7 45. Rd6 Rxd6 46. exd6
Ne6 47. Bb2 Kf7 48. Kg1 g6 49. g3 Nc5 50. Ba3 Ke6 51. Kg2 Nd3 52. Kf3 b2 53.
Bxb2 Nxb2 54. Kg4 h6 55. h4 Nc4 56. h5 g5 57. f4 gxf4 58. d7 Ne5+ 59. Kxf4 Nxd7
60. Kg4 Ne5+ 61. Kf4 Kf6 62. Ke4 Nf7 63. Kf4 Ng5 64. Kg4 Ke5 65. Kh4 Kf5 66.
g4+ Kf6 67. Kg3 Ke5 68. Kh4 Ke6 69. Kg3 Kf6 70. Kf4 Nh7 0-1

[Event "XXIII C.to italiano U20"]
[Site "Giovinazzo ITA"]
[Date "2015.07.24"]
[Round "7"]
[White "Pisacane, Pietro"]
[Black "Altini, Nicola"]
[WhiteElo "2127"]
[BlackElo "2415"]
[Result "0-1"]
[PlyCount "122"]
[EventDate "2015.07.19"]

1. d4 Nf6 2. Nf3 e6 3. c4 d5 4. Nc3 Nbd7 5. e3 Be7 6. Bd3 O-O 7. O-O dxc4 8.
Bxc4 a6 9. a4 c5 10. Qe2 cxd4 11. exd4 Nb6 12. Ba2 Nbd5 13. Bg5 h6 14. Bd2 Bd7
15. Ne5 Bc6 16. Nxc6 bxc6 17. Ne4 Rb8 18. Bc3 Nxe4 19. Qxe4 Bb4 20. Bxd5 cxd5
21. Qd3 Qa5 22. Rfc1 Bxc3 23. Rxc3 Rxb2 24. g3 Qd8 25. Rb3 Rxb3 26. Qxb3 Qb8
27. Qd3 Qb2 28. Rb1 Qa2 29. Rb6 Qxa4 30. Rxa6 Qb4 31. Ra1 Rc8 32. Kg2 Qc4 33.
Rd1 g5 34. Qf3 Qc2 35. Rd3 Kg7 36. Qe3 Qc7 37. Qe2 Qd6 38. h4 Qe7 39. hxg5 Qxg5
40. Rd2 h5 41. Rd3 Qf5 42. Rf3 Qe4 43. Qxe4 dxe4 44. Rf4 f5 45. d5 exd5 46.
Rxf5 Rd8 47. Rxh5 Kf6 48. Kf1 Ke6 49. Ke2 Ra8 50. Rg5 Kd6 51. Rf5 Kc5 52. f3
Ra2+ 53. Ke3 Ra3+ 54. Ke2 e3 55. Rf4 d4 56. Rf8 Ra2+ 57. Ke1 d3 58. Rc8+ Kb6
59. Rb8+ Kc7 60. Rb1 Rh2 61. Rc1+ Kd6 0-1

[Event "XXIII C.to italiano U20"]
[Site "Giovinazzo ITA"]
[Date "2015.07.25"]
[Round "8"]
[White "Altini, Nicola"]
[Black "Favaloro, Andrea"]
[WhiteElo "2415"]
[BlackElo "2116"]
[Result "1/2-1/2"]
[PlyCount "75"]
[EventDate "2015.07.19"]

1. e4 c5 2. Nf3 g6 3. c3 Bg7 4. d4 cxd4 5. cxd4 d5 6. e5 Bg4 7. Bb5+ Nc6 8.
Bxc6+ bxc6 9. Nbd2 Nh6 10. O-O O-O 11. h3 Bxf3 12. Nxf3 f6 13. Re1 Nf7 14. Bf4
Qc8 15. Qd2 g5 16. exf6 exf6 17. Bh2 Qd7 18. Re2 Rfe8 19. Rae1 Bf8 20. Bg3 Bd6
21. Ne5 Bxe5 22. dxe5 fxe5 23. Bxe5 Re6 24. Bc3 Rxe2 25. Rxe2 c5 26. b4 d4 27.
bxc5 Rd8 28. Bb2 Qd5 29. Qd3 Qxc5 30. Rc2 Qb4 31. Qd2 Qa4 32. a3 Qb3 33. Rc5 h6
34. Qc2 Qxc2 35. Rxc2 Ne5 36. Rd2 Nc6 37. Kf1 Kf7 38. Rc2 1/2-1/2

[Event "XXIII C.to italiano U20"]
[Site "Giovinazzo ITA"]
[Date "2015.07.25"]
[Round "8"]
[White "Basso, Pier Luigi"]
[Black "Di Benedetto, Edoardo"]
[WhiteElo "2439"]
[BlackElo "2243"]
[Result "1-0"]
[PlyCount "65"]
[EventDate "2015.07.19"]

1. d4 d5 2. c4 e6 3. Nc3 c6 4. Nf3 Nf6 5. e3 Nbd7 6. Bd3 a6 7. b3 Bb4 8. Qc2
Ne4 9. Bb2 f5 10. O-O O-O 11. Ne2 Bd6 12. Ne5 Nxe5 13. dxe5 Be7 14. Bd4 Bd7 15.
c5 Qc7 16. f3 Ng5 17. Kh1 Kh8 18. Rg1 Rg8 19. Raf1 Raf8 20. Qc3 Qb8 21. Nf4 Qc8
22. g4 fxg4 23. Rxg4 g6 24. Qc2 Rg7 25. Qg2 Nf7 26. Qh3 Kg8 27. Rfg1 Nh8 28.
Nh5 Rgf7 29. Bxg6 Nxg6 30. Rxg6+ Kh8 31. Rg7 Be8 32. Nf6 Rxg7 33. Rxg7 1-0

[Event "XXIII C.to italiano U20"]
[Site "Giovinazzo ITA"]
[Date "2015.07.25"]
[Round "8"]
[White "Loiacono, Antonio"]
[Black "Lombardi, Vincenzo Angelo"]
[WhiteElo "1928"]
[BlackElo "2056"]
[Result "1-0"]
[PlyCount "117"]
[EventDate "2015.07.19"]

1. e4 e5 2. Nf3 Nc6 3. Bc4 Bc5 4. O-O Nf6 5. Re1 d6 6. h3 a6 7. c3 Ba7 8. d4
O-O 9. Bg5 Re8 10. d5 Ne7 11. Bf1 Ng6 12. g3 h6 13. Be3 Nh7 14. Qd2 Bxe3 15.
Qxe3 f5 16. exf5 Bxf5 17. Nbd2 Rf8 18. c4 Qd7 19. Kh2 Rf7 20. Bg2 Raf8 21. Rac1
Qe7 22. Kg1 Qf6 23. Rc3 Qd8 24. Re2 Nf6 25. Rc1 c6 26. dxc6 bxc6 27. Qa3 Qb6
28. c5 Qb5 29. Ree1 Bd3 30. cxd6 e4 31. Nd4 Qb6 32. N2b3 Nd5 33. Rxc6 Qd8 34.
Nc5 Ne5 35. Nxd3 Nxd3 36. Bxe4 Qf6 37. Re2 Nxf2 38. Bxd5 Qxd4 39. Bxf7+ Rxf7
40. Rc8+ Kh7 41. Qe3 Qd1+ 42. Re1 Qxd6 43. Rc3 Nxh3+ 44. Kg2 Nf2 45. Qe6 Qxe6
46. Rxe6 Ng4 47. Rf3 Rc7 48. Rc3 Rf7 49. Rc2 Rf5 50. Rc4 h5 51. Rc2 a5 52. Rce2
g6 53. R6e4 g5 54. b4 axb4 55. Rxb4 Nf6 56. Rf2 Ra5 57. Rxf6 Rxa2+ 58. Rf2 Ra6
59. Rfb2 1-0

[Event "XXIII C.to italiano U20"]
[Site "Giovinazzo ITA"]
[Date "2015.07.26"]
[Round "9"]
[White "Favaloro, Andrea"]
[Black "Vesce, Emanuele"]
[WhiteElo "2116"]
[BlackElo "2013"]
[Result "1-0"]
[PlyCount "83"]
[EventDate "2015.07.19"]

1. d4 Nf6 2. Bg5 e6 3. e4 h6 4. Bxf6 Qxf6 5. c3 d6 6. Bd3 e5 7. Ne2 Nc6 8. O-O
g5 9. Bb5 a6 10. Qa4 Rb8 11. Bxc6+ bxc6 12. Qxc6+ Bd7 13. Qxa6 Bg7 14. Na3 O-O
15. Rab1 Qg6 16. dxe5 Qxe4 17. exd6 Bc6 18. f3 Qe3+ 19. Rf2 Bb7 20. Qc4 cxd6
21. Nc2 Qa7 22. Nb4 Rfe8 23. Rd1 Rbc8 24. Qd3 Re3 25. Qd2 Rce8 26. Nd4 g4 27.
fxg4 Qc5 28. Nbc2 R3e4 29. Re1 Bxd4 30. cxd4 Rxe1+ 31. Nxe1 Qg5 32. Qxg5+ hxg5
33. Nc2 Ba6 34. h3 Rb8 35. Ne3 Re8 36. Nf5 Re1+ 37. Kh2 Rd1 38. Nxd6 Rxd4 39.
Nxf7 Kg7 40. Nxg5 Bc4 41. b3 Bd5 42. Nf3 1-0

[Event "XXIII C.to italiano U20"]
[Site "Giovinazzo ITA"]
[Date "2015.07.26"]
[Round "9"]
[White "Loiacono, Antonio"]
[Black "Basso, Pier Luigi"]
[WhiteElo "1928"]
[BlackElo "2439"]
[Result "0-1"]
[PlyCount "40"]
[EventDate "2015.07.19"]

1. e4 e5 2. Nf3 Nc6 3. Bc4 Bc5 4. O-O Nf6 5. Re1 d6 6. h3 O-O 7. c3 Nxe4 8.
Rxe4 d5 9. Re1 dxc4 10. Qe2 Qd5 11. Na3 Bxa3 12. bxa3 Bf5 13. Nh4 Bd3 14. Qh5
g6 15. Qh6 e4 16. Re3 Kh8 17. Rg3 Rg8 18. a4 Qe5 19. Ba3 g5 20. Bc5 gxh4 0-1

[Event "XXIII C.to italiano U20"]
[Site "Giovinazzo ITA"]
[Date "2015.07.26"]
[Round "9"]
[White "Pisacane, Pietro"]
[Black "Spinella, Andrea"]
[WhiteElo "2127"]
[BlackElo "1909"]
[Result "1-0"]
[PlyCount "140"]
[EventDate "2015.07.19"]

1. d4 Nf6 2. c4 e6 3. Nf3 b6 4. g3 Ba6 5. Qc2 d5 6. cxd5 exd5 7. Bg2 Bb4+ 8.
Bd2 Bxd2+ 9. Qxd2 O-O 10. Nc3 Qd6 11. O-O Nbd7 12. Rfd1 Rfe8 13. Rac1 Rac8 14.
Bh3 Rcd8 15. Qc2 Re7 16. e3 c5 17. Qa4 b5 18. Nxb5 Qc6 19. Bf1 c4 20. Nc3 Qxa4
21. Nxa4 Rb8 22. b3 Rb4 23. Nd2 Rxa4 24. bxa4 Nb6 25. a5 Na4 26. Nxc4 dxc4 27.
Bxc4 Bxc4 28. Rxc4 Nb2 29. Rc8+ Re8 30. Rdc1 Kf8 31. R8c7 Nd3 32. Rd1 Nb4 33.
a3 Nbd5 34. Rxa7 Nc3 35. Rd3 Rc8 36. Rb7 Nfe4 37. a6 Nd6 38. Rb4 Nd5 39. Ra4
Nb6 40. Rb4 Nd5 41. Rb1 Ra8 42. f3 f5 43. Re1 Nf6 44. g4 fxg4 45. e4 Nf7 46.
fxg4 Nxg4 47. e5 Rxa6 48. h3 Ngh6 49. d5 Nf5 50. Rb3 Ra8 51. Kf2 Rc8 52. d6 Nd4
53. Rb2 Ne6 54. a4 Nc5 55. Rd2 Ng5 56. Kg2 Nge6 57. a5 Ra8 58. Ra2 Nd3 59. Rf1+
Ke8 60. a6 Nb4 61. Ra4 Nd5 62. Kh2 Nb6 63. Ra2 Nd7 64. Re1 Ndc5 65. a7 Nd4 66.
Rb1 Nd7 67. Rb7 Nf3+ 68. Kg3 Nd4 69. e6 Nxe6 70. Re2 Nb8 1-0

[Event "XXIII C.to italiano U20"]
[Site "Giovinazzo ITA"]
[Date "2015.07.26"]
[Round "9"]
[White "Santeramo, Domenico"]
[Black "Altini, Nicola"]
[WhiteElo "2076"]
[BlackElo "2415"]
[Result "0-1"]
[PlyCount "54"]
[EventDate "2015.07.19"]

1. e4 c5 2. c3 d5 3. exd5 Qxd5 4. d4 Nc6 5. Nf3 Bg4 6. Be2 cxd4 7. cxd4 e6 8.
Nc3 Qa5 9. O-O Nf6 10. Bf4 Bb4 11. Nb5 Nd5 12. Nd6+ Bxd6 13. Bxd6 Rd8 14. Bg3
O-O 15. Ne5 Bxe2 16. Qxe2 Nxd4 17. Qc4 Nf5 18. Rac1 Nxg3 19. hxg3 Ne3 20. Qe4
Nxf1 21. Rxf1 Qd5 22. Qxd5 Rxd5 23. f4 Rd2 24. Rf2 Rxf2 25. Kxf2 Rc8 26. Nd3
Rc2+ 27. Kf3 Rd2 0-1

[Event "I Festival Sole di Puglia A"]
[Site "Giovinazzo ITA"]
[Date "2015.07.19"]
[Round "1"]
[White "Attorre, Michele"]
[Black "Aleksic, Nenad"]
[WhiteElo "2019"]
[BlackElo "2337"]
[Result "0-1"]
[PlyCount "34"]
[EventDate "2015.07.19"]

1. d4 Nf6 2. Nf3 b6 3. c3 e6 4. Bf4 Ba6 5. Qa4 Be7 6. Nbd2 O-O 7. O-O-O d5 8.
e3 Bxf1 9. Rhxf1 c5 10. Ne5 a6 11. Nc6 Nxc6 12. Qxc6 cxd4 13. exd4 b5 14. a3
Ne8 15. Nf3 Nd6 16. Bxd6 Bxd6 17. Kb1 Qb8 0-1

[Event "I Festival Sole di Puglia A"]
[Site "Giovinazzo ITA"]
[Date "2015.07.19"]
[Round "1"]
[White "Belezky, Alexander"]
[Black "Difronzo, Andrea"]
[WhiteElo "2454"]
[BlackElo "2060"]
[Result "1/2-1/2"]
[PlyCount "74"]
[EventDate "2015.07.19"]

1. Nf3 c5 2. g3 Nc6 3. Bg2 g6 4. d3 Bg7 5. O-O d6 6. c4 e6 7. Nc3 Nge7 8. Bg5
h6 9. Bd2 O-O 10. a3 b6 11. Rb1 Bb7 12. b4 Qd7 13. Qc1 Kh7 14. bxc5 dxc5 15. a4
Rad8 16. Na2 Nf5 17. a5 Ncd4 18. Nxd4 Nxd4 19. Re1 Bxg2 20. Kxg2 Qc6+ 21. Kg1
bxa5 22. Bxa5 Rb8 23. Bc3 Qa4 24. Qd2 Rb3 25. Bxd4 Bxd4 26. Rxb3 Qxb3 27. Qa5
Bb2 28. Rb1 Qc2 29. Re1 Qb3 30. Rb1 Qc2 31. Rf1 Bg7 32. Qxa7 Qxe2 33. Nc1 Qe5
34. Nb3 Qd6 35. Nxc5 Rc8 36. Ne4 Qxd3 37. Re1 Rxc4 1/2-1/2

[Event "I Festival Sole di Puglia A"]
[Site "Giovinazzo ITA"]
[Date "2015.07.19"]
[Round "1"]
[White "Rizzo, Giovanbattista"]
[Black "Balog, Imre"]
[WhiteElo "2068"]
[BlackElo "2531"]
[Result "0-1"]
[PlyCount "44"]
[EventDate "2015.07.19"]

1. d4 Nf6 2. c4 g6 3. Nc3 Bg7 4. e4 d6 5. f4 O-O 6. Nf3 c5 7. d5 e6 8. Be2 Re8
9. O-O exd5 10. exd5 Na6 11. Bd3 Ng4 12. h3 Ne3 13. Bxe3 Rxe3 14. Qd2 Bd4 15.
Nxd4 cxd4 16. Ne4 Bf5 17. Rae1 Bxe4 18. Bxe4 f5 19. Bc2 Qb6 20. Ba4 Nc5 21.
Rxe3 dxe3 22. Qxe3 Nxa4 0-1

[Event "I Festival Sole di Puglia A"]
[Site "Giovinazzo ITA"]
[Date "2015.07.19"]
[Round "1"]
[White "Sarno, Spartaco"]
[Black "Finocchiaro, Gianluca"]
[WhiteElo "2317"]
[BlackElo "2018"]
[Result "1-0"]
[PlyCount "51"]
[EventDate "2015.07.19"]

1. d4 f5 2. Nf3 e6 3. g3 Nf6 4. Bg2 d5 5. O-O c6 6. c4 Bd6 7. Bf4 Bxf4 8. gxf4
O-O 9. Nbd2 Nbd7 10. Rc1 Ne4 11. Ne1 Qa5 12. Nb3 Qxa2 13. Ra1 Qxb2 14. Nd3 Qc3
15. Rc1 Qxc4 16. Rxc4 dxc4 17. Bxe4 fxe4 18. Ndc5 cxb3 19. Nxe6 Rf6 20. Qxb3
Kh8 21. Ra1 h6 22. d5 cxd5 23. Qxd5 Nb6 24. Qd8+ Kh7 25. Nf8+ Kg8 26. Nd7+ 1-0

[Event "I Festival Sole di Puglia A"]
[Site "Giovinazzo ITA"]
[Date "2015.07.20"]
[Round "2"]
[White "Aleksic, Nenad"]
[Black "Lattanzio, Savino"]
[WhiteElo "2337"]
[BlackElo "2155"]
[Result "1-0"]
[PlyCount "234"]
[EventDate "2015.07.19"]

1. e4 c6 2. d4 d5 3. Nc3 g6 4. h3 Bg7 5. Nf3 dxe4 6. Nxe4 Nf6 7. Bd3 Nbd7 8.
O-O Nxe4 9. Bxe4 Nf6 10. Bd3 O-O 11. Re1 Nd5 12. c3 a5 13. Qe2 Re8 14. a3 b5
15. Bd2 f6 16. Rac1 Qd6 17. Rc2 e5 18. dxe5 fxe5 19. Ng5 Bd7 20. Ne4 Qf8 21. c4
bxc4 22. Bxc4 Kh8 23. Be3 Nxe3 24. Qxe3 Qf4 25. Nd6 Qxe3 26. Rxe3 Bh6 27. Nf7+
Kg7 28. Nxh6 Kxh6 29. Rce2 Rab8 30. b3 a4 31. bxa4 Ra8 32. Bb3 Reb8 33. Rd2 Be8
34. Rc2 Ra5 35. Rce2 c5 36. Rxe5 Rxb3 37. Rxe8 c4 38. Rc8 Rxa4 39. Re4 Raxa3
40. Rh4+ Kg5 41. Rcxc4 Rb1+ 42. Kh2 h5 43. Rhf4 Raa1 44. h4+ Kh6 45. Rc7 Rh1+
46. Kg3 Ra3+ 47. f3 Ra8 48. Rff7 Rh8 49. Rfe7 Ra1 50. Kh2 Raa8 51. Kh3 Rae8 52.
g4 hxg4+ 53. fxg4 Rxe7 54. Rxe7 g5 55. Re6+ Kh7 56. hxg5 Kg7+ 57. Kg3 Rh1 58.
g6 Rh6 59. Re7+ Kxg6 60. Kf4 Rh1 61. Re6+ Kf7 62. Ra6 Rb1 63. Kg5 Rg1 64. Ra7+
Ke6 65. Kh5 Kf6 66. Ra6+ Kg7 67. Kg5 Rg2 68. Ra7+ Kg8 69. Kh5 Rg1 70. g5 Rb1
71. Kh6 Rg1 72. Kg6 Kf8 73. Ra8+ Ke7 74. Kh6 Kf7 75. Ra7+ Kf8 76. Kg6 Rg2 77.
Ra8+ Ke7 78. Ra5 Kf8 79. Rf5+ Kg8 80. Rb5 Kf8 81. Rb1 Rg3 82. Rb8+ Ke7 83. Rh8
Rg1 84. Kh6 Kf7 85. Rh7+ Kg8 86. Rb7 Kf8 87. Kg6 Rg2 88. Rb8+ Ke7 89. Rh8 Rg1
90. Rh5 Kf8 91. Rh2 Rg3 92. Kh6 Kf7 93. Rf2+ Kg8 94. Rb2 Kf7 95. Rb7+ Kf8 96.
Rb6 Rh3+ 97. Kg6 Rg3 98. Rb5 Rg1 99. Kh7 Rh1+ 100. Kg6 Rg1 101. Rb7 Rg2 102.
Rb8+ Ke7 103. Rg8 Rh2 104. Kg7 Rg2 105. g6 Rg1 106. Ra8 Ke6 107. Rf8 Ke7 108.
Rf2 Rg3 109. Re2+ Kd7 110. Kh7 Rh3+ 111. Kg8 Rh1 112. g7 Rh3 113. Re4 Rg3 114.
Kf7 Rf3+ 115. Kg6 Rg3+ 116. Kf6 Rg1 117. Re5 Rf1+ 1-0